Регионална библиотека "Любен Каравелов" - Русе

Гренландия (Запис номер 430921)

MARC детайли
000 -Лидер
Контролно поле с фиксирана дължина nam a22 a 4500
003 - Код на организацията, давaща контролен номер
Контролно поле BLK
005 - Дата и час на последна редакция
Контролно поле 20210902121214.0
008 - Елементи от данни с фиксирана дължина
fixed length control field 180409b bul|||||r ||||||| ||bul||
040 ## - Източник на каталожния запис
Идентификатор на билиотеката - собственик на записа BLK
041 ## - Код за език
Код за езика на текст/звукозапис или на отделно заглавие Български
Код за езика КДБФ Български
080 ## - УДК
Текстов определител УДК Регионална география
УДК код - определител по УДК 913
УДК - код + определител 913(988)
100 1# - Редна дума - Автор
Автор Меч, Сергей Павлович
Авторска отговорност първи автор
R(LIN) 95173
139 ## - Редно поле
Редна дума Меч, Сергей Павлович
Авторски знак Меч - М 52
245 10 - Сведения за заглавието
Заглавие Гренландия
Подзаглавни данни Геогр. очерк на страната и разказ за пътешествието на Фр. Нансен
Редно поле (дума) Сергей Меч; прев. от рус. Иван Петров Кепов.
260 ## - Област на издателските данни
Име на издателя, разпространителя и проч. Христо Г. Данов
Година на издаване 1898
Печатница Пловдив : печ. Хр. Г. Данов
Място на издаване, разпространение и проч. Пловдив
300 ## - Физическа характеристика
Страници 76 с.
Илюстрации и др. с ил.
Размери/Мащаб 19 см
380 ## - Жанр
Жанр География
490 ## - СЕРИИ (Колекции)
9 (RLIN) 435080
Име на серия Колекция Редки и ценни издания
600 #0 - Име на лице, използвано като предмет
9 (RLIN) 338223
За него / За нея Нансен, Фритьоф
650 #7 - Допълнително описание по предмет – тема
Основно описание – тема или топоним География
9 (RLIN) 151794
651 #7 - Допълнително описание по предмет - топоним
9 (RLIN) 178790
Географско понятие Гренландия
700 1# - Други автори (авторска отговорност)
Лично име Кепов, Иван Петров
Автороска отговорност (Описва отношението между автора и произведението) прев. от рус.
9 (RLIN) 378640
852 ## - Местоположение
Форматна сигнатура Рб 898
Фондова буква Редки и ценни
856 4# - Електронен адрес и достъп
Електронен формат pdf - файл
856 4# - Електронен адрес и достъп
Електронен формат pdf - файл
999 ## - СИСТЕМНИ КОНТРОЛНИ НОМЕРА
Koha biblionumber 430921
Koha biblioitemnumber 430921
942 ## - АРТИКУЛИ
Вид на библиотечния материал Книги
Скрит в OPAC Не
Периодичен библиозапис Да
944 ## - СЪЗДАВАНЕ И РЕДАКЦИЯ на ЗАПИСА
Създаване/Редакция Създаване
Дата на регистрацията/редакция 2021-09-02
Служител, извършил регистрацията/редакцията НР
999 ## - СИСТЕМНИ КОНТРОЛНИ НОМЕРА
Koha biblioitemnumber 430918
999 ## - СИСТЕМНИ КОНТРОЛНИ НОМЕРА
Koha biblioitemnumber 430872
Наличности
Код за отписване Код за изгубен артикул Източник на класификационната схема Код за повреда Коз за рестрикции Код за отдаване Артикулен № Име на библиотеката - собственик Име на библиотеката, в която се намира в момента Статус (Текущо местоположение) Дата на вписване в системата Местоположение - отдел Цена в лева Номерация (Хронология) Инвентарен номер Систематично азбучна сигнатура Баркод Цена в евро Служебен тип на артикула
  Не е изгубен Universal Decimal Classification Не е повреден само за читалня Специални фондове ( старопечатни, редки и ценни, фонд М. Арнаудов) 853723 Регионална библиотека "Любен Каравелов" Русе Регионална библиотека "Любен Каравелов" Русе Редки и ценни 2021-09-21 Редки и ценни 0.11 o - Систематично азбучна сигнатура Рб 898 p - Баркод 900000077389 ... Задължителенt - Номер на екземпляра 27353 Рб 898 900000077389 0.06 Книги
  Не е изгубен Universal Decimal Classification Не е повреден само за читалня Специални фондове ( старопечатни, редки и ценни, фонд М. Арнаудов) 853739 Регионална библиотека "Любен Каравелов" Русе Регионална библиотека "Любен Каравелов" Русе Редки и ценни 2021-09-21 Редки и ценни 0.15   12080/58 Рб 898 900000077440 0.08 Книги
  Не е изгубен Universal Decimal Classification Не е повреден само за читалня Специални фондове ( старопечатни, редки и ценни, фонд М. Арнаудов) 853754 Регионална библиотека "Любен Каравелов" Русе Регионална библиотека "Любен Каравелов" Русе Редки и ценни 2021-09-21 Редки и ценни 0.06   7798 Рб 898 900000077551 0.03 Книги
Vip Innovations Ltd, Rousse, Bulgaria 2025